Greek Alphabet in 15 seconds - Statistics

General Stats
  • This quiz has been taken 18 times
  • The average score is 19 of 24
Answer Stats
Hint Answer % Correct
@ Α
88%
& Γ
88%
$ Δ
88%
123 Ε
88%
΅ Ζ
88%
* Η
88%
7 Θ
88%
8 Ι
88%
( Κ
88%
) Λ
88%
0 Π
88%
5 Τ
88%
= Β
75%
/ Μ
75%
+ Ν
75%
- Ξ
75%
9 Ο
75%
4 Ρ
75%
# Σ
75%
6 Υ
75%
^ Φ
75%
« Χ
75%
Ψ
63%
: Ω
63%
No matching quizzes found
Score Distribution
Percent of People with Each Score
Percentile by Number Answered
Your Score History
You have not taken this quiz